MDQL
is popping MORE tags! Check the
thread
!
Quizzes
Events
Quiz Creation
Community
Videos
Private Events
Remove Ads
Sign In
Join for FREE
Feedback
Dark Mode
Quiz Categories
Sports
Geography
Music
Movies
Television
Just For Fun
Miscellaneous
History
Literature
Language
Science
Gaming
Entertainment
Religion
Holiday
For Kids
Quiz Lab
Recent
Popular Today
Quiz Kudos Today
Editor Picks
Curator Picks
Quizzes by...
Day
Popularity
Type
Ratings
Length
Year
Community
Subscriptions
Recent Discussions
Orange Saloon
Badges
Playlists
Quests
Create
Leaderboards
Showdown
Live 5
Trivia Bingo
Activity
Puzzle Library
Sporcle Events
Private Events
Virtual Trivia
Globe League
Become a Host
Pub Owners
SporcleCon
Opinionation
Our Games
Videos
Blog
Mobile Apps
Partnerships
Remove Ads and Go Orange
Feedback
Sports
Athletes
MLB
NBA
NHL
NFL
Soccer
Sports Teams
WWE
NCAA
Football
Premier League
Basketball
Baseball
Hockey
Golf
Tennis
Cricket
Rugby
Auto Racing
Olympics
World Cup
Sports
Athletes
MLB
NBA
NHL
NFL
Soccer
Sports Teams
WWE
NCAA
Football
Premier League
Basketball
Baseball
Hockey
Golf
Tennis
Cricket
Rugby
Auto Racing
Olympics
World Cup
Random Quiz
Search Sporcle
×
Quiz Lab
Quiz Lab
Sports
Auto Racing
Type in answers that appear in a list
Type in answers that appear in a list
Classic
Best Score? Go Orange.
Formula 1 Drivers 2000s Stats
Can you name the 2000s Formula One Drivers?
By
fabiomaiolino
10m
139 Questions
1,543 Plays
1,543 Plays
1,543 Plays
Comments
Comments
Give Quiz Kudos
Give Quiz Kudos
-
- Ratings
hide this ad
Replay
Link that replays current quiz
Next Quiz
Link to next quiz in quiz playlist
You Got
0%
They Got
Avg Score
79%
Avg Friend Score
Upgrade to see
Score Distribution
Jump to the score distribution portion of the page
Score
0/139
Timer
10:00
0
Plays Today
Team
Driver
% Correct
Ferrari
Michael Schumacher
99.5%
Williams
Ralf Schumacher
99.3%
Toyota
Ralf Schumacher
99.3%
McLaren
Fernando Alonso
98.1%
Minardi
Fernando Alonso
98.1%
Renault
Fernando Alonso
98.1%
Ferrari
Kimi Raikkonen
97.3%
McLaren
Kimi Raikkonen
97.3%
Sauber
Kimi Raikkonen
97.3%
Ferrari
Rubens Barrichello
97.3%
Honda
Rubens Barrichello
97.3%
Brawn
Rubens Barrichello
97.3%
Williams
Jenson Button
96.8%
Benetton
Jenson Button
96.8%
BAR
Jenson Button
96.8%
Renault
Jenson Button
96.8%
Honda
Jenson Button
96.8%
Brawn
Jenson Button
96.8%
Ferrari
Felipe Massa
96.6%
Sauber
Felipe Massa
96.6%
McLaren
David Coulthard
96%
Red Bull
David Coulthard
96%
McLaren
Lewis Hamilton
96%
McLaren
Mika Hakkinen
95.7%
Ferrari
Giancarlo Fisichella
94.6%
Jordan
Giancarlo Fisichella
94.6%
Benetton
Giancarlo Fisichella
94.6%
Sauber
Giancarlo Fisichella
94.6%
Renault
Giancarlo Fisichella
94.6%
Red Bull
Sebastian Vettel
94.6%
BMW
Sebastian Vettel
94.6%
Toro Rosso
Sebastian Vettel
94.6%
Force India
Giancarlo Fisichella
94.6%
Williams
Mark Webber
94.4%
Jaguar
Mark Webber
94.4%
Minardi
Mark Webber
94.4%
Red Bull
Mark Webber
94.4%
McLaren
Juan Pablo Montoya
92.9%
Williams
Juan Pablo Montoya
92.9%
Jordan
Jarno Trulli
91.3%
Renault
Jarno Trulli
91.3%
Toyota
Jarno Trulli
91.3%
McLaren
Heikki Kovalainen
90.9%
Renault
Heikki Kovalainen
90.9%
Williams
Nick Heidfeld
89.7%
Jordan
Nick Heidfeld
89.7%
Prost
Nick Heidfeld
89.7%
Team
Driver
% Correct
Sauber
Nick Heidfeld
89.7%
BMW
Nick Heidfeld
89.7%
Sauber
Jacques Villeneuve
89.4%
BAR
Jacques Villeneuve
89.4%
Renault
Jacques Villeneuve
89.4%
BMW
Jacques Villeneuve
89.4%
Williams
Nico Rosberg
87.1%
BMW
Robert Kubica
86.5%
Jordan
Takuma Sato
86.3%
BAR
Takuma Sato
86.3%
Super Aguri
Takuma Sato
86.3%
Ferrari
Luca Badoer
84.2%
Jaguar
Eddie Irvine
84%
Jordan
Heinz-Harald Frentzen
83.3%
Prost
Heinz-Harald Frentzen
83.3%
Sauber
Heinz-Harald Frentzen
83.3%
Arrows
Heinz-Harald Frentzen
83.3%
Jordan
Timo Glock
81.5%
Toyota
Timo Glock
81.5%
McLaren
Alexander Wurz
81.4%
Williams
Alexander Wurz
81.4%
Benetton
Alexander Wurz
81.4%
Spyker
Adrian Sutil
81.3%
Force India
Adrian Sutil
81.3%
Renault
Nelson Angelo Piquet
80.6%
McLaren
Pedro de la Rosa
80.3%
Jaguar
Pedro de la Rosa
80.3%
Arrows
Pedro de la Rosa
80.3%
Jordan
Jean Alesi
78.5%
Prost
Jean Alesi
78.5%
Williams
Kazuki Nakajima
78%
BAR
Olivier Panis
78%
Toyota
Olivier Panis
78%
Toro Rosso
Sebastien Buemi
77.8%
Red Bull
Vitantonio Liuzzi
77.6%
Toro Rosso
Vitantonio Liuzzi
77.6%
Force India
Vitantonio Liuzzi
77.6%
Arrows
Jos Verstappen
77.4%
Minardi
Jos Verstappen
77.4%
Jaguar
Christian Klien
77%
Red Bull
Christian Klien
77%
Toro Rosso
Sebastien Bourdais
75.6%
Toro Rosso
Scott Speed
74.7%
Sauber
Mika Salo
74.5%
Toyota
Mika Salo
74.5%
Renault
Romain Grosjean
74.1%
Toyota
Kamui Kobayashi
73.6%
Team
Driver
% Correct
Jaguar
Johnny Herbert
71.5%
Jordan
Tiago Monteiro
70.5%
Midland
Tiago Monteiro
70.5%
Jordan
Ricardo Zonta
69.8%
BAR
Ricardo Zonta
69.8%
Toyota
Ricardo Zonta
69.8%
Toro Rosso
Jaime Alguersuari
69.4%
Minardi
Anthony Davidson
68.7%
BAR
Anthony Davidson
68.7%
Super Aguri
Anthony Davidson
68.7%
Super Aguri
Yuji Ide
68.2%
Minardi
Christijan Albers
67.4%
Midland
Christijan Albers
67.4%
Spyker
Christijan Albers
67.4%
Williams
Marc Gene
67%
Minardi
Marc Gene
67%
Jordan
Narain Karthikeyan
66.9%
Williams
Antonio Pizzonia
64.5%
Jaguar
Antonio Pizzonia
64.5%
Super Aguri
Sakon Yamamoto
62.8%
Spyker
Sakon Yamamoto
62.8%
Toyota
Allan McNish
62.7%
Sauber
Pedro Paulo Diniz
61.8%
Minardi
Robert Doornbos
61.2%
Red Bull
Robert Doornbos
61.2%
Minardi
Alex Yoong
60.3%
Jordan
Zsolt Baumgartner
60.1%
Minardi
Zsolt Baumgartner
60.1%
Jaguar
Luciano Burti
59.6%
Prost
Luciano Burti
59.6%
Toyota
Cristiano da Matta
59.1%
Spyker
Markus Winkelhock
59%
Jaguar
Justin Wilson
58.5%
Minardi
Justin Wilson
58.5%
Jordan
Ralph Firman
57.5%
Arrows
Enrique Bernoldi
57%
Prost
Gaston Mazzacane
56.6%
Minardi
Gaston Mazzacane
56.6%
Jordan
Giorgio Pantano
53.5%
Minardi
Tarso Marques
52.8%
Super Aguri
Franck Montagny
52.7%
Minardi
Patrick Friesacher
52.4%
Prost
Tomas Enge
50.9%
Minardi
Gianmaria Bruni
48.2%
Minardi
Nicolas Kiesa
43.9%
Quiz Playlist
Details
Report
Send in Message
Add To Playlist
Classic:
Type in answers that appear in a list
Last Updated: Feb 16, 2017
Quiz Scoreboard
CHALLENGE
Sign Up to Join the Scoreboard
Show All
Scores
Hide
Comments
May contain spoilers
Recently Published
Colored Red Africa Blitz
by spor1
Geography
30s
Find the 'City' Movie
by crazypaving
Movies
60s
5x2 Blitz: Bands
by SL_Kpop136
Music
30s
More to Explore
Quiz From the Vault
Featured Blog Post
14 Easter Pick-up Lines to Find Eggs With
hide this ad
You Might Also Like...
Tags
Auto Racing Quiz
2000
2000s
fia
formula
Formula 1
Formula One
Racing
World Championships
Today's Top Quizzes in Sports
Browse Sports
hide this ad
Today's Top Quizzes in Auto Racing
Browse Auto Racing
Top Contributed Quizzes in Sports
1
Les entraîneurs de l'OM et du PSG au 21e siècle
2
Les meilleurs buteurs des matchs entre le PSG et l’OM
3
Les joueurs passés par le PSG et l'OM
4
Players with Multiple 50 Home Run Seasons
5
2022 World Cup Stars
6
Criteria MLB: Left Handed Sluggers
7
NBA Logic Puzzle 2.0
8
MLB Players with Two .350 Batting Average Seasons
9
Top 10 NHL Goal Scorers of All Time
10
Les joueurs passés par le LOSC et le RC Lens
Explore More
Trending Topics
Marvel
Kpop
Crossword
NBA
Anime
Disney
Harry Potter
Pokémon
Country
Soccer
The Office
NFL
Puzzle
WWE
Song
hide this ad
More By:
fabiomaiolino
Quiz
Plays
Rating
Category
Featured
Created
Brasileirão Clubs all-time
13,619
2.88
Sports
Jul 14, 2017
MotoGP Top 10
5,399
4.86
Sports
May 4, 2013
Flamengo XIs: since 1995 season
3,803
4.75
Sports
Apr 9, 2013
Formula 1 Drivers 1990s
2,292
4.64
Sports
Jan 3, 2017
Brazilian Copa Libertadores Winners' XIs
1,938
4.75
Sports
May 9, 2013
Go to Creator's Profile
Score Distribution
Quiz Creator Spotlight
fabiomaiolino
Follow
Send a Message
Quizzes Created
-
Created Quiz Play Count
-
More By This Creator
Popular Quizzes Today
1
Colored Red Africa Blitz
2
Find the 'City' Movie
3
5x2 Blitz: Bands
4
Find the US States - No Outlines Minefield
5
The Countries of the World
6
Find the US States
7
US States
8
Find the Countries of Europe - No Outlines Minefield
More Sports Quizzes
NCAA Champions by President
Published
Trending Quizzes
Colored Red Europe Blitz I
Colored Red Europe Blitz II
Colored Red Africa Blitz II
Colored Red Europe Blitz III
Colored Red Africa Blitz III
Recently Updated
How Do You Spell That?
pecheneg
Godzilla Movies
pecheneg
Grab Bag: 4-10 Letters
pecheneg
2024 March Madness Bracket
pecheneg
Famous TV Couples
Peacemaker
Champions League XIs: Real Madrid
pecheneg
Largest US Cities 1790-2010
pecheneg
Rides in Walt Disney World
pecheneg
Most Oscar Losses (Acting)
pecheneg
Beyoncé Albums
pecheneg
Trending Topics
Disney
Anime
Crossword
NBA
Marvel
Kpop
Harry Potter
Song
WWE
The Office
Pokémon
Puzzle
Country
NFL
Soccer
Your Account Isn't Verified!
In order to create a playlist on Sporcle, you need to verify the email address you used during registration. Go to your
Sporcle Settings
to finish the process.
Report this User
Report this user for behavior that violates our
Community Guidelines
.
Details:
Send Report
Go to the Sporcle.com Mobile Site →
Comments